00511pab a2200157 454500008004000000100001800040245007300058260000900131300001600140362001000156650003300166650005800199650004200257650002000299773003400319180718b2006 xxu||||| |||| 00| 0 eng d aShaban, Abdul aRegional structures, growth and convergence of income in Maharashtra c2006 ap.1803-815. a6 May aIncome - India - Maharashtra aEconomic and social development - India - Maharashtra aEconomic growth - India - Maharashtra aEconomic growth aEconomic and Political Weekly